• 首页
  • 本馆介绍
  • 公告通知
  • 最新文献
  • 馆藏检索
  • 电子资源
  • 读者导购
  • 参考咨询
  • 我的图书馆
  • 登录
  • 详细信息显示
  • 放入我的书架
  • 预约/预借图书
  • 作者相关作品
  • 分类相关作品
  • 丛书相关作品
  • 出版社相关作品

书目信息

  • 表格格式
  • 工作单格式
  • 卡片格式
题名:
王安石文集
    
 
作者: 王安石 著 ;刘振鹏 主编
分册: 上  
出版信息: 沈阳   辽海出版社  2013
页数: 214页
开本: 23cm
丛书名: 文化百科系列
单 册:
中图分类: I214.412
科图分类:
主题词: 古典诗歌--诗集--中国--北宋 , 古典散文--散文集--中国--北宋
电子资源:
ISBN: 978-7-5451-0926-9
000 00826oam2 2200289 450
001 340046
005 20150604155800.71
010    @a978-7-5451-0926-9@dCNY29.80
100    @a20101123d2010 em y0chiy0110 ea
101 0  @achi
102    @aCN@b220000
105    @aa z 000zy
106    @ar
200 1  @a王安石文集@Awang an dan wen ji@e图文版@h上@f(北宋) 王安石著@g刘振鹏主编
205    @a第3版
210    @a沈阳@c辽海出版社@d2013
215    @a214页@c图@d23cm
225 2  @a文化百科系列
410  0 @12001 @a文化百科系列
600  0 @a王安石@j文集
606 0  @a古典诗歌@x诗集@y中国@z北宋
606 0  @a古典散文@x散文集@y中国@z北宋
690    @aI214.412@v5
701  0 @c(北宋)@a王安石@Awang an dan@4著
702  0 @a刘振鹏@ALiu Zhen Peng@4主编
801  0 @aCN@b卓展宏图@c20150525
905    @dI214.412@e677:1=3@f5
    
    王安石文集:图文版.上/(北宋) 王安石著/刘振鹏主编.-第3版.-沈阳:辽海出版社,2013
    214页:图;23cm.-(文化百科系列)
    
    
    ISBN 978-7-5451-0926-9:CNY29.80
    
●
相关链接 在E读中查询图书 在五车中查询图书 在当当中查询图书 在豆瓣中查询图书


正题名:王安石文集     索取号:I214.412/677:1=3         预约/预借

序号 登录号 条形码 馆藏地/架位号 状态 备注
1 855536   208555366   第一样本阅览室/ [索取号:I214.412/677:1=3] 在馆    
2 855537   208555375   第二借阅区/ [索取号:I214.412/677:1=3] 在馆    
3 855538   208555384   教育系资料室/ [索取号:I214.412/677:1=3] 在馆    
4 855539   208555393   第二借阅区/ [索取号:I214.412/677:1=3] 在馆    
5 855540   208555400   教育系资料室/ [索取号:I214.412/677:1=3] 在馆    
唐山师范学院图书馆 欢迎您!
大连网信软件有限公司© 版权所有